Countries with only 1 border - Sudden Death - Statistics

General Stats
  • This quiz has been taken 60 times
    45 since last reset
  • The average score is 6 of 14
Answers on the Grid
Answers color-coded by a green-red scale on the quiz's grid according to % correct below.
Canada
Andorra
Bhutan
Denmark
Monaco
Bolivia
Dominican Republic
Belize
Eswatini
Guatemala
Ireland
Lesotho
Liechtenstein
Malawi
Papua New Guinea
Paraguay
Yemen
Portugal
Qatar
Moldova
Malaysia
San Marino
South Korea
Singapore
The Gambia
Timor-Leste
Sri Lanka
Brunei
 
Answer Stats
Answer % Correct
Canada
87%
Denmark
70%
Ireland
53%
Lesotho
47%
Monaco
47%
Dominican Republic
43%
Portugal
40%
Qatar
40%
South Korea
37%
The Gambia
37%
Brunei
33%
Timor-Leste
33%
Papua New Guinea
30%
San Marino
30%
No matching quizzes found
Score Distribution
Percent of People with Each Score
Percentile by Number Answered
Your Score History
You have not taken this quiz since the last reset